Badanie dzietnosci kobiet w Polsce Ankieta macierzynstwa 1984

Guardado en:
Detalles Bibliográficos
Formato: Libro
Lenguaje:polaco
Publicado: Warszawa Szkola Glówna planowania i statystyki 1988
Edición:1. wyd.
Etiquetas: Agregar Etiqueta
Sin Etiquetas, Sea el primero en etiquetar este registro!

MARC

LEADER 00000nam a2200000 4500
001 c026724
005 20251204070931.0
041 0 |a pol 
044 |a PL 
245 1 0 |a Badanie dzietnosci kobiet w Polsce  |b Ankieta macierzynstwa 1984 
250 |a 1. wyd. 
264 1 |a Warszawa  |b Szkola Glówna planowania i statystyki  |c 1988 
300 |a 298 s.